Statistics for Victoria 2 Most Likely Candidate: Crisis

Click here to take the quiz!

General Stats

  • This quiz has been taken 86 times
  • The average score is 14 of 23

Answer Stats

Answer% Correct
The Russian Empire
97%
Austria
87%
Greece
83%
The Ottoman Empire
83%
Poland
79%
Serbia
76%
Bulgaria
73%
China (If they westernise before their substates)
72%
Hungary
72%
Romania
72%
Prussia
68%
Ukraine
68%
Bosnia
66%
Croatia
63%
Albania
61%
Slovakia
58%
Belarus
55%
Latvia
49%
Armenia
48%
Bohemia
48%
Guanxi
13%
Qinghai
8%
Yunan
7%

Score Distribution

Percentile by Number Answered

Percent of People with Each Score

Your Score History

You have not taken this quiz